| 000 | 00541nam a2200217Ia 4500 | ||
|---|---|---|---|
| 005 | 20250425162212.0 | ||
| 008 | 250425s9999 xx 000 0 und d | ||
| 020 | _a9978120602 | ||
| 041 | _aspa | ||
| 082 | _a862.69866 | ||
| 100 | _aMARTINEZ QUEIROLO, JOSE | ||
| 245 | 0 | _aUNA CITA CON CERVANTES | |
| 250 | _a1A ED. | ||
| 260 |
_aEcuador _bCASA DE LA CULTURA NUCLEO DEL GUAYAS _c2005 |
||
| 260 | _aGUAYAQUIL | ||
| 300 | _a173 | ||
| 650 | _aCERVANTES, MIGUEL DE | ||
| 650 | _aTEATRO ECUATORIANO | ||
| 942 | _c01 | ||
| 010 | _a56425 | ||
| 999 |
_c224426 _d224426 |
||